Escudos de las provincias y ciudades autónomas de España - Estadísticas

Estadísticas generales
  • Esta prueba ha sido intentada 65 veces
  • La puntuación promedio es 34 de 52
Estadísticas de respuestas
Imagen Respuesta % Correcto
Principado de Asturias
95%
Región de Murcia
92%
Tarragona
87%
Valladolid
87%
Comunidad Foral de Navarra
84%
Barcelona
82%
Málaga
82%
Granada
79%
León
79%
Ávila
76%
Islas Baleares
76%
La Coruña
76%
Madrid
76%
Sevilla
76%
Castellón
74%
Ceuta
74%
Gerona
74%
Valencia
74%
Cádiz
71%
Lérida
71%
Soria
71%
Alicante
68%
Zaragoza
68%
Huesca
66%
Segovia
66%
Toledo
66%
Cantabria
63%
Teruel
63%
Ciudad Real
61%
Huelva
61%
La Rioja
61%
Lugo
61%
Melilla
61%
Albacete
58%
Pontevedra
58%
Badajoz
55%
Vizcaya
55%
Zamora
55%
Almería
53%
Guipúzcoa
53%
Jaén
53%
Santa Cruz de Tenerife
53%
Álava
50%
Burgos
50%
Córdoba
50%
Las Palmas de Gran Canaria
47%
Palencia
47%
Salamanca
47%
Orense
45%
Cuenca
39%
Guadalajara
39%
Cáceres
34%
No se encontraron pruebas coincidentes
Distribución de puntuación
Porcentaje de gente con cada puntuación
Porcentaje por número respondido
Historial de tus puntuaciones
No has intentado esta prueba.